01062nam a2200229 a 450000100060000000300090000600500170001500800410003202000180007304000280009104100130011904300180013210000310015024500980018126000530027930000280033249000640036052003200042465000250074465000330076970000300080226662CO-ViMGA20230915223424.0141112s2004 ck r 000 u spa d a9789681686024 aCO-ViMGAbspacCO-ViMGA aspa jpn aa - ja - - - 1 aNakagawa, Chihiro, 1958 - 10aCómo cuidar un ángel / cChihiro Nakagawa ; traducción del japones Jaime Barrera Parra. aMexico : bFondo de Cultura Económica, c2008. a[92] p. : il. ; 19 cm.0 aA la orilla del viento. Para los que empiezan a leer ; 196 aUn día mientras camina por elcampo, Sachi encuentra un Ángelito de decide adoptarlo como mascota. Pero {qué comen los Ángeles? {Dónde duermen? {Cómo se divierten? Nadie parece tener las respuestas, así que Sachi improvisa e inicia un camino donde descubrirá que un Ángelito es la mejor compañia.14aÁngeles - Cuentos 14aLiteratura infantil japonesa1 aBarrera Parra, Jaime, tr.